00809 a2200169 4500003000500000005001700005020001500022040000900037082001800046100002400064245005800088260003400146300002500180505038400205650003400589700001600623Nust20221201143226.0 a0724600271 cNust a621.38152,HAS aHaskard, R. Maclolm aAnalog VLSI design nMOS and CMOS /cMlcolm R. Haskard aPrentice HallbNew Yorkc1988 a243 p.billusc24 cm aIntroduction (Page-1), nMOS The Basic MOS Process (Page-5), Components of CMOS Process (Page-39), Conventional Analog Methods (Page-62), Pseudonalog Techniques (Page-84), Amplifiers and Filters (Page-98), Conversion Methods (Page-113), Oscillators and Phase Locked Loops (Page-145), Sensors (Page-155), Ancillary Circuits (Page-180), Transistor Circuits Modeling (Page-191).  aTelecommunication Engineering aMay, Ian C.